Rozpoznávanie obrazu a detekcia horninových textúr

Salvato in:
Dettagli Bibliografici
Autore principale: Adámik, Martin (Autore)
Altri autori: Štefanovič, Juraj (Relatore della tesi)
Natura: Manoscritto Libro
Lingua:slovacco
Pubblicazione: 2015
Soggetti:
Accesso online:http://is.stuba.sk/zp/portal_zp.pl?podrobnosti=110000
Tags: Aggiungi Tag
Nessun Tag, puoi essere il primo ad aggiungerne!!

MARC

LEADER 00000ntm a22000003a 4500
001 stuzp53655
003 SK-STU
005 20160719154531.6
007 ta
008 150427s2015----xo-----f-mn---000-0-slo-d
040 |a STU  |b slo 
041 0 |a slo 
044 |a xo 
100 1 |a Adámik, Martin  |u 070300  |4 aut  |U FIIT Fakulta informatiky a informačných technológií  |T FIIT Ústav aplikovanej informatiky  |X 64293  |U I300  |Y 180  |7 A000064293 
242 0 1 |a Image recognition and rock textures detection  |y eng 
245 1 0 |a Rozpoznávanie obrazu a detekcia horninových textúr 
260 |c 2015 
300 |a 76 s.  |e CD-ROM 
650 4 |a textúra  |2 slo 
650 4 |a android  |2 slo 
650 4 |a klasifikácia  |2 slo 
650 4 |a android  |2 eng 
650 4 |a texture  |2 eng 
650 4 |a classification  |2 eng 
700 1 |a Štefanovič, Juraj  |4 ths  |X 2056  |7 A000002056 
856 4 |u http://is.stuba.sk/zp/portal_zp.pl?podrobnosti=110000 
996 |b 284ID00035  |c I* DP34/15  |l II680  |s P  |a 0  |w stuzp53655_0001 
SQL |a stuzp53655  |b DDP  |c SLO  |d Rozpoznávanie obrazu a detekcia horninových textúr  |e 64293  |f Adámik, Martin  |g 070300  |h 2056  |i Štefanovič, Juraj  |j 20150610  |k 205  |l 07  |m http://is.stuba.sk/zp/portal_zp.pl?podrobnosti=110000  |n I-IS2  |o 9.2.6. informačné systémy